Magisterial and police guide (Record no. 499509)

000 -LEADER
fixed length control field 00589cam a22001817a 4500
008 - FIXED-LENGTH DATA ELEMENTS--GENERAL INFORMATION
fixed length control field 180718b1952 xxu||||| |||| 00| 0 eng d
082 ## - DEWEY DECIMAL CLASSIFICATION NUMBER
Classification number G932x54 R141
100 ## - MAIN ENTRY--PERSONAL NAME
Personal name Ramaswami, P. N.
245 ## - TITLE STATEMENT
Title Magisterial and police guide
Statement of responsibility, etc. by P. N. Ramaswami
260 ## - PUBLICATION, DISTRIBUTION, ETC.
Place of publication, distribution, etc. Madra
Name of publisher, distributor, etc. Madras Law Journal Office
Date of publication, distribution, etc. 1952
300 ## - PHYSICAL DESCRIPTION
Extent v
500 ## - GENERAL NOTE
General note Contents; v.1., xxxiv, 1197p; v. 2., 1200p-2658p
650 ## - SUBJECT ADDED ENTRY--TOPICAL TERM
Topical term or geographic name entry element Police --India --Handbooks, manuals, etc.
650 ## - SUBJECT ADDED ENTRY--TOPICAL TERM
Topical term or geographic name entry element Crime --India
650 ## - SUBJECT ADDED ENTRY--TOPICAL TERM
Topical term or geographic name entry element Criminal investigation --India
650 ## - SUBJECT ADDED ENTRY--TOPICAL TERM
Topical term or geographic name entry element Criminal procedure --India
650 ## - SUBJECT ADDED ENTRY--TOPICAL TERM
Topical term or geographic name entry element Criminal law --India
Holdings
Withdrawn status Lost status Damaged status Not for loan Permanent Location Current Location Date acquired Full call number Barcode Date last seen Price effective from Koha item type
        Indian Institute of Public Administration Indian Institute of Public Administration 2018-08-04 G932x54 R141 GR2871 2018-08-04 2018-08-04 GR
        Indian Institute of Public Administration Indian Institute of Public Administration 2018-08-04 G932x54 R141 GR2870 2018-08-04 2018-08-04 GR

Powered by Koha